Türkiye'de kadın / (Record no. 14399)

MARC details
000 -BAŞLIK
Sabit Uzunlukta Kontrol Alanı 00697nam a22002177a 4500
999 ## - SİSTEM KONTROL NUMARALARI (KOHA)
Koha Biblionumber 14399
Koha Biblioitemnumber 14399
003 - KONTROL NUMARASI IDENTIFIER
Denetim Alanı MIRAKIL
005 - SON İŞLEM TARİHİ VE ZAMANI
Denetim Alanı 20210609132221.0
008 - SABİT-BOY VERİ ELEMANLARI - GENEL BİLGİLER
Sabit Uzunlukta Kontrol Alanı 210609b tu ||||| |||| 00| 0 tur d
040 ## - KATALOGLAMA KAYNAK
Orijinal Kataloglama Ajansı TR-AnCHP
Kataloglama Dili tur
Metne Dönüştürmek Ajansı TR-AnCHP
041 ## - DİL KODU
Metin / Ses Parça Veya Ayrı Başlığın Dil Kodu tur
082 ## - DEWEY ONLU SINIFLANDIRMA NUMARASI
Sınıflandırma Numarası CHP 305.4
Ürün Numarası T96 2017
245 ## - BAŞLIK TABLOSU
Başlık Türkiye'de kadın /
Sorumluluk Tablosu, Vb Kaynakça derleyicisi Suzan Şahin.
260 ## - YAYIN, DAĞITIM, VB
Yayın, Dağıtım, Vb Yeri Ankara:
Yayıncı, Dağıtıcı, Vs Adı CHP,
Yayın, Dağıtım, Vb Tarihi 2017
300 ## - FİZİKSEL TANIM
Kapsam C.:
Boyutlar 30 sm.
500 ## - GENEL NOT
Genel Not Kadınlarla ilgili çeşitli makaleler derlenmiştir.
650 ## - KONU KATMA GİRİŞ - TOPİKAL DÖNEM
Topikal Süreli Veya Coğrafi Ad Giriş Elemanı Kadın hakları
Coğrafi Alt Bölümü Türkiye
650 ## - KONU KATMA GİRİŞ - TOPİKAL DÖNEM
Topikal Süreli Veya Coğrafi Ad Giriş Elemanı Kadınlar
Genel Alt Bölümü Hukuksal durum, yasalar vb.
Kronolojik Alt Bölümü makaleler
Coğrafi Alt Bölümü Türkiye
650 ## - KONU KATMA GİRİŞ - TOPİKAL DÖNEM
Topikal Süreli Veya Coğrafi Ad Giriş Elemanı Kadınlar
Genel Alt Bölümü Sosyo ekonomik durum
-- makaleler
Coğrafi Alt Bölümü Türkiye
942 ## - EKLENDİ GİRİŞ ELEMANLARI (KOHA)
Sınıflandırma Veya Raf Düzeni Kaynak Dewey Decimal Classification
Koha Öğesi Türü Books
999 ## - SİSTEM KONTROL NUMARALARI (KOHA)
Koha Biblioitemnumber 14399
Holdings
Kalıcı Konum Mevcut Konum Edinme Tarihi Toplam Check-Out'Lar Tam Çağrı Numarası Barkod Tarih Son Görülme Kopya Sayısı İtibaren Geçerli Fiyatlar Koha Öğesi Türü
CHP Kütüphanesi CHP Kütüphanesi 06/09/2021   305.4 T96 2017 019882 06/09/2021 c.1 06/09/2021 Books
CHP Kütüphanesi CHP Kütüphanesi 06/09/2021   305.4 T96 2017 019883 06/09/2021 c.2 06/09/2021 Books
CHP Kütüphanesi CHP Kütüphanesi 06/09/2021   305.4 T96 2017 019884 06/09/2021 c.3 06/09/2021 Books
CHP Kütüphanesi CHP Kütüphanesi 06/09/2021   305.4 T96 2017 019885 06/09/2021 c.4 06/09/2021 Books
CHP Kütüphanesi CHP Kütüphanesi 06/09/2021   305.4 T96 2017 019886 06/09/2021 c.5 06/09/2021 Books